Central Library OPAC University of Rajshahi

Cooper and Gunn's Tutorial pharmacy / (Record no. 13258)

MARC details
000 -LEADER
fixed length control field 00704cam a2200241 4500
001 - CONTROL NUMBER
control field 13258
003 - CONTROL NUMBER IDENTIFIER
rucl marc code BD-RjUL
005 - DATE AND TIME OF LATEST TRANSACTION
control field 20211208235428.0
008 - FIXED-LENGTH DATA ELEMENTS--GENERAL INFORMATION
fixed length control field 140130s19861972ii a b 001 0 eng
035 ## - SYSTEM CONTROL NUMBER
System control number (BD-RjUL)13309
040 ## - CATALOGING SOURCE
Original cataloging agency DLC
Transcribing agency DLC
Modifying agency BD-RjUL
Language of cataloging eng
041 ## - LANGUAGE CODE
Language code of text/sound track or separate title eng
082 00 - DEWEY DECIMAL CLASSIFICATION NUMBER
Classification number 615.19
Author mark and year COO 1999
245 10 - TITLE STATEMENT
Title Cooper and Gunn's Tutorial pharmacy /
Statement of responsibility, etc. edited by Sidney James Carter.
250 ## - EDITION STATEMENT
Edition statement 6th ed.
260 ## - PUBLICATION, DISTRIBUTION, ETC. (IMPRINT)
Place of publication, distribution, etc. Delhi :
Name of publisher, distributor, etc. CBS Pub.,
Date of publication, distribution, etc. 1972 [Indian ed. 1986].
300 ## - PHYSICAL DESCRIPTION
Pagination ix, 472 p. :
Illustrations illus. ;
Size 26 cm.
504 ## - BIBLIOGRAPHY, ETC. NOTE
Bibliography, etc Includes bibliographies and index.
650 #0 - SUBJECT ADDED ENTRY--TOPICAL TERM
Topical term or geographic name as entry element Pharmacy.
9 (RLIN) 41296
700 1# - ADDED ENTRY--PERSONAL NAME
Personal name Carter, Sidney James,
Relator term ed.
942 ## - ADDED ENTRY ELEMENTS (KOHA)
Source of classification or shelving scheme Dewey Decimal Classification
Koha item type Books
Holdings
Lost status Source of classification or shelving scheme Damaged status Not for loan Collection code Permanent Location Current Location Shelving location Date acquired Source of acquisition Cost, normal purchase price Total Checkouts Full call number Date last seen Copy number Koha item type
  Dewey Decimal Classification     Non-fiction Central Library, University of Rajshahi Central Library, University of Rajshahi   23/09/1995 Paran Pub. 1320.00   615.19 COO 1986 30/01/2014 C-5 Books
  Dewey Decimal Classification     Non-fiction Central Library, University of Rajshahi Central Library, University of Rajshahi   23/09/1995 Parent pub. 1320.00   615.19 COO 1986 19/11/2016 C-2 Books
  Dewey Decimal Classification   Not For Loan Non-fiction Central Library, University of Rajshahi Central Library, University of Rajshahi Reading Room 09/08/2000 Ankur Prakashani 179.00   615.19 COO 1986 30/03/2017 C-1 Books
  Dewey Decimal Classification     Non-fiction Central Library, University of Rajshahi Central Library, University of Rajshahi   09/08/2000 Dhaka. Ankur prokashoni 179.00   615.19 COO 1999 27/05/2017 C-3 Books
  Dewey Decimal Classification     Non-fiction Central Library, University of Rajshahi Central Library, University of Rajshahi   09/08/2000 Dhaka. Ankur prokashoni 179.00   615.19 COO 1999 27/05/2017 C-4 Books
  Dewey Decimal Classification     Non-fiction Central Library, University of Rajshahi Central Library, University of Rajshahi   23/09/1995 Publisher ltd. 1320.00   615.19 COO 1986 27/05/2017 C-6 Books
  Dewey Decimal Classification     Non-fiction Central Library, University of Rajshahi Central Library, University of Rajshahi   23/09/1995 Publisher ltd. 1320.00   615.19 COO 1986 27/05/2017 C-7 Books
  Dewey Decimal Classification     Non-fiction Central Library, University of Rajshahi Central Library, University of Rajshahi   23/09/1995 Publisher ltd. 1320.00   615.19 COO 1986 27/05/2017 C-8 Books
  Dewey Decimal Classification     Non-fiction Central Library, University of Rajshahi Central Library, University of Rajshahi   09/08/2000 Dhaka. Ankur prokashoni 179.00   615.19 COO 1999 27/05/2017 C-9 Books
  Dewey Decimal Classification     Non-fiction Central Library, University of Rajshahi Central Library, University of Rajshahi   09/08/2000 Dhaka. Ankur prokashoni 179.00   615.19 COO 1999 27/05/2017 C-10 Books